000 00260nam a2200085Ia 4500
008 170620s9999 xx 000 0 und d
100 _aDurga Rani- Kalluri (CH)
245 0 _aEducational Aspirations and Scientific Attitudes
260 _bNew Delhi- Discovery Publishing House
260 _c2006
999 _c24337
_d24337